Statistics for Who's Your Daddy? - U.S. Edition

Click here to take the quiz!

General Stats

  • This quiz has been taken 8,980 times
  • The average score is 10 of 15

Answer Stats

QuestionAnswer% Correct
Miley CyrusWell-known country and pop singer
93%
Angelina JolieActor Jon Voight
83%
Barack ObamaKenyan economist who had eight children with four different mothers
79%
Kim KardashianDefense attorney for O.J. Simpson
78%
Abraham LincolnIlliterate carpenter
72%
Taylor SwiftStockbroker who owned a Christmas tree farm
70%
Martin Luther King Jr.Baptist preacher
69%
Elon MuskFailed businessman who once owned an emerald mine
69%
John F. KennedyStock market investor who was one of the richest men in the U.S.
67%
Peyton ManningQuarterback for the New Orleans Saints
59%
Franklin D. RooseveltWealthy businessman and horse breeder
56%
Bill GatesSuccessful lawyer
48%
Bill ClintonTravelling salesman with five different wives – and two at once!
45%
Mitt RomneyThe governor of Michigan
41%
Norah JonesSitar player Ravi Shankar
38%

Score Distribution

Percentile by Number Answered

Percent of People with Each Score

Your Score History

You have not taken this quiz